The agony and the ecstasy : (Record no. 199488)

MARC details
000 -LEADER
fixed length control field 01016nam a2200313 a 4500
001 - CONTROL NUMBER
control field vtls000196461
003 - CONTROL NUMBER IDENTIFIER
control field NLI
005 - DATE AND TIME OF LATEST TRANSACTION
control field 20210602112931.0
008 - FIXED-LENGTH DATA ELEMENTS--GENERAL INFORMATION
fixed length control field 101125s1961 enkh 000 1 eng
020 ## - INTERNATIONAL STANDARD BOOK NUMBER
Terms of availability Rs. 30.00
039 #9 - LEVEL OF BIBLIOGRAPHIC CONTROL AND CODING DETAIL [OBSOLETE]
-- 201011252324
-- VLOAD
040 0# - CATALOGING SOURCE
Original cataloging agency NLI
Language of cataloging eng
Transcribing agency VERGIS-2010
Description conventions AACR2
041 0# - LANGUAGE CODE
Language code of text/sound track or separate title eng
044 ## - COUNTRY OF PUBLISHING/PRODUCING ENTITY CODE
MARC country code enk
082 04 - DEWEY DECIMAL CLASSIFICATION NUMBER
Classification number 823.91
100 1# - MAIN ENTRY--PERSONAL NAME
Personal name Stone, Irving,
Dates associated with a name 1903-1989
9 (RLIN) 373829
245 14 - TITLE STATEMENT
Title The agony and the ecstasy :
Remainder of title a biographical novel of Michelangelo /
Statement of responsibility, etc. Irving stone
260 ## - PUBLICATION, DISTRIBUTION, ETC.
Place of publication, distribution, etc. London :
Name of publisher, distributor, etc. Collins,
Date of publication, distribution, etc. c1961
300 ## - PHYSICAL DESCRIPTION
Extent xiii, 720 p. :
Other physical details facsim. ;
Dimensions 22 cm.
600 00 - SUBJECT ADDED ENTRY--PERSONAL NAME
Personal name Michelangelo Buonarroti,
Dates associated with a name 1475-1564
General subdivision Fiction
650 #0 - SUBJECT ADDED ENTRY--TOPICAL TERM
Topical term or geographic name entry element Artists
General subdivision Fiction
9 (RLIN) 262224
651 #0 - SUBJECT ADDED ENTRY--GEOGRAPHIC NAME
Geographic name Italy
General subdivision Fiction
9 (RLIN) 262449
887 ## - NON-MARC INFORMATION FIELD
Content of non-MARC field
901 ## - LOCAL DATA ELEMENT A, LDA (RLIN)
a 341519
b 25.9.1961
902 ## - LOCAL DATA ELEMENT B, LDB (RLIN)
a E 823.91 St 71
942 ## - ADDED ENTRY ELEMENTS (KOHA)
Source of classification or shelving scheme Dewey Decimal Classification
Koha item type Books
949 ## - LOCAL PROCESSING INFORMATION (OCLC)
-- VIRTUAITEM
-- 10000
-- 100
6 PUR000341519ENG
Holdings
Withdrawn status Lost status Damaged status Not for loan Collection code Home library Current library Shelving location Date acquired Total Checkouts Full call number Barcode Date last seen Price effective from Koha item type
        New English National Library of India National Library of India New English - Main Stack Division     E 823.91 St 71 PUR000341519ENG 02/06/2021 02/06/2021 Books
                                                                           
web counter

Copyright ©2020 The National Library of India, Govt. of India ↔ Hosted by NVLI, MOC ↔ Technology and Design by National Library of India, Ministry of Culture, Govt. of India